|
|
|
|
| LEADER |
00000nas a22000007a 4500 |
| 005 |
20110826110953.0 |
| 008 |
110826t1996 ck qr|p s|||| 00| b1spa d |
| 022 |
|
|
|a 0122-1108
|
| 035 |
|
|
|a 5474
|
| 040 |
|
|
|a vLex
|
| 090 |
|
|
|c 2270
|d 2270
|
| 245 |
0 |
0 |
|a Revista pensamiento jurd̕ico
|h [Recurso electrn̤ico]
|
| 256 |
|
|
|a Servicio en ln̕ea.
|
| 260 |
|
|
|a [Bogot]̀ :
|b Instituto Unidad de Investigaciones Jurd̕ico-Sociales Gerardo Molina,
|c 1996.
|
| 310 |
|
|
|a Trimestral
|
| 362 |
|
|
|a Nm︢. 1 (1996) -
|
| 506 |
1 |
|
|a Contenido solo disponible en los productos indicados
|d vLex Global
|d vLex Global (Academic Edition, excluding Law Schools)
|d vLex Global (U.S. Academic Edition, Law Schools)
|d vLex Global (U.S. Academic Edition, excluding Law Schools)
|d vLex Global (Academic Edition, Law Schools)
|
| 650 |
0 |
4 |
|a Derecho
|x Historia
|
| 650 |
0 |
4 |
|a Sociologa̕ jurd̕ica
|
| 710 |
2 |
|
|a Instituto Unidad de Investigaciones Jurd̕ico-Sociales Gerardo Molina
|
| 710 |
2 |
|
|a Universidad Nacional de Colombia
|
| 740 |
0 |
|
|a vLex Revistas (Servicio en ln̕ea)
|
| 856 |
4 |
0 |
|u http://vlex.com/source/revista-pensamiento-juridico-5474
|z Acceso restringido
|
| 942 |
|
|
|c REV
|